| 000 | 00648nam a2200181 a 4500 | ||
|---|---|---|---|
| 001 | 000040033 | ||
| 005 | 20201002033858.0 | ||
| 008 | 130802s2008 mx 000 0 spa d | ||
| 020 | _a9703204791 | ||
| 040 |
_aDO-SdBNP _bspa _cBNPHU |
||
| 100 | 1 |
_aPaz, Octavio. _950324 |
|
| 245 | 1 | 0 |
_aCrónica trunca de días excepcionales / _cOctavio Paz ; presentación y notas de Antonio Saborit. |
| 260 |
_aMéxico : _bUniversidad Nacional Autónoma de México, _c2008. |
||
| 300 |
_a103 p. ; _c15 cm. |
||
| 490 | 1 |
_aPequeños grandes ensayos _v40 |
|
| 710 | 2 |
_aUniversidad Nacional Autónoma de México _942447 |
|
| 830 | 0 |
_aPequeños grandes ensayos _v40 _966274 |
|
| 999 |
_c39523 _d39523 |
||